• 首页
  • 本馆介绍
  • 公告通知
  • 最新文献
  • 馆藏检索
  • 电子资源
  • 读者导购
  • 参考咨询
  • 我的图书馆
  • 登录
  • 详细信息显示
  • 放入我的书架
  • 预约/预借图书
  • 作者相关作品
  • 分类相关作品
  • 丛书相关作品
  • 出版社相关作品

书目信息

  • 表格格式
  • 工作单格式
  • 卡片格式
题名:
席慕容作品集
    
 
作者:
分册:  
出版信息: 昆明   云南人民出版社  
页数: 500页
开本: 20cm
丛书名:
单 册:
中图分类: I-5
科图分类:
主题词: 文学
电子资源:
ISBN: 7-222-02560-X
000 00473nam0 2200181 450
001 1539757286
005 20150125095851.57
010    @a7-222-02560-X@dCNY24.00
100    @a20150118d km y0chiy0120 ea
101 0  @achi
102    @aCN@b530000
200 1  @a席慕容作品集@Axi mu rong zuo pin ji
210    @a昆明@c云南人民出版社
215    @a500页@d20cm
606 0  @a文学
690    @aI-5@v4
801  0 @aCN@b大连网信软件有限公司图书馆·11@c20150118
905    @aZUCC@dI-5@eJY12
    
    席慕容作品集.-昆明:云南人民出版社
    500页;20cm
    
    
    ISBN 7-222-02560-X:CNY24.00
    
●
相关链接 在E读中查询图书 在五车中查询图书 在当当中查询图书 在豆瓣中查询图书


正题名:席慕容作品集     索取号:I-5/JY12         预约/预借

序号 登录号 条形码 馆藏地/架位号 状态 备注
1 7841872   278418721   学院路分馆/ [索取号:I-5/JY12] 在馆    
2 7853990   278539903   学院路分馆/ [索取号:I-5/JY12] 在馆    
3 7853991   278539912   学院路分馆/ [索取号:I-5/JY12] 在馆    
4 7853992   278539921   学院路分馆/ [索取号:I-5/JY12] 在馆    
唐山师范学院图书馆 欢迎您!
大连网信软件有限公司© 版权所有